Ekonomika investiční výstavby

Gespeichert in:
Bibliographische Detailangaben
1. Verfasser: Blažej, Zdenko
Format: Buch
Sprache:Tschechisch
Veröffentlicht: Praha Státní nakladatelství technické literatury 1969
Tags: Tag hinzufügen
Keine Tags, Fügen Sie das erste Tag hinzu!

MARC

LEADER 00000nam a2200000 4500
001 c127559
005 20041019155241.0
041 0 |a cze 
044 |a CZ 
245 1 0 |a Ekonomika investiční výstavby  |c Zdenko Blažej a kol. 
264 1 |a Praha  |b Státní nakladatelství technické literatury  |c 1969 
300 |a 260 s. 
100 1 |a Blažej, Zdenko